| 000 | 00491nam a2200181Ia 4500 | ||
|---|---|---|---|
| 003 | IN-BaIIA | ||
| 008 | 211028s9999 xx 000 0 eng d | ||
| 020 | _a0-8094-4400-3 | ||
| 040 | _cIIA Library | ||
| 080 |
_a03:77.01 _bTLB |
||
| 110 | _aTime Life Books | ||
| 245 | 0 |
_aSpecial Problems _cTime-Life Books |
|
| 260 |
_aHong Kong _bTime-Life Books _c1981 |
||
| 300 | _a216p. | ||
| 650 | _aNASA Thesaurus | ||
| 650 | _aPhotography | ||
| 942 | _cBK | ||
| 999 |
_c8359 _d8359 |
||